000 01460cas a2200421 a 4500
001 106485
005 20230410102134.0
008 850909d1979 dr ar p 0 0spa
010 _a 85644642
_z 91641641
035 _a(OCoLC)ocm12528464
035 _a11299804
040 _aDLC
_cDLC
_dNST
_dTxU
_dNST
_dDLC
_dNST
_dTxU
_dDLC
_dInU
012 _a43-7-0301280198-p-8509
050 1 4 _a118 PQ 7408
_bC965 1979
082 0 _a863/.01/08
130 0 _aCuentos premiados (Santo Domingo, Dominican Republic)
245 0 0 _aCuentos premiados 1978 /
_cCasa de Teatro.
246 1 _iVol. 1981 has title:
_aConcurso de cuentos de Casa de Teatro
246 1 4 _aCuentos
_f<1983- >
246 1 4 _aConcurso de cuento Casa de Teatro
_f<1988- >
260 _aSanto Domingo, República Dominicana :
_bCasa de Teatro,
300 _a208 p.
_c21 cm.
310 _aAnnual
362 1 _aBegan in 1977.
500 _aDescription based on: 1978.
650 0 _aShort stories, Dominican
_vPeriodicals.
650 4 _aCuentos dominicanos
650 4 _aCFB
650 4 _aColección Font Bernard
710 2 _aCasa de Teatro (Dominican Republic)
785 0 0 _tCuento, obras premiadas
_w(DLC)sn 94035022
_w(OCoLC)29767822
890 _aCuentos premiados (Santo Domingo, Dominican Republic)
_i85-644642
920 _aKeep 1
936 _a1988 LIC
942 _2lcc
_cbk
992 _bB/L
_wSERLOC
999 _c19800
_d19800